Hugo: Amour/crime revolution

Enregistré dans:
Détails bibliographiques
Auteur principal: Brochu, André
Format: Livre
Langue:Undetermined
Publié: Montreal, Canadá Les Presses de L'Universite de Montreal 1974
Sujets:
Tags: Ajouter un tag
Pas de tags, Soyez le premier à ajouter un tag!

MARC

LEADER 00000nam a2200000Ia 4500
008 170316s9999 xx 000 0 und d
040 |a cru BVZT 
090 |a 840 B-31h 
100 |a Brochu, André 
245 |a Hugo: Amour/crime revolution 
260 |a Montreal, Canadá 
260 |b Les Presses de L'Universite de Montreal 
260 |c 1974 
300 |a 256 páginas 
650 |a LITERATURA FRANCESA 
999 |c 7527  |d 7527 
942 |c 15 D  |h 840 B-31h  |2 z